000 00464cam a2200193ua 4500
001 7461
008 141211n ii |||gr||||Z||||||ben
040 _cMAIN
041 _aben
082 _a891.443
100 _aGhosh, A.,
_eAuthor.
245 1 _aPrajjbalit surjya
_cBy Arabinda Ghosh
250 _a1st.
260 _aCalcutta:
_bM.C.,
_c1993.
300 _a392p.
653 _aEast Indo-European & Celtic literatures
653 _aBengali novels
942 _cBK
999 _c6584
_d6584